King of heart / (Record no. 45631)

MARC details
000 -LEADER
fixed length control field 00765njm a22002297a 4500
005 - DATE AND TIME OF LATEST TRANSACTION
control field 20100914100343.0
007 - PHYSICAL DESCRIPTION FIXED FIELD--GENERAL INFORMATION
fixed length control field sd ammalaaahaa
008 - FIXED-LENGTH DATA ELEMENTS--GENERAL INFORMATION
fixed length control field 100914t xxu||||| |||| 00| 0 eng d
028 ## - PUBLISHER NUMBER
Publisher number SKL. 5163
Source DECCA
035 ## - SYSTEM CONTROL NUMBER
System control number GR-02314
040 ## - CATALOGING SOURCE
Original cataloging agency SED/VEN
100 ## - MAIN ENTRY--PERSONAL NAME
Personal name Humperdink, Engelbert
9 (RLIN) 19851
245 ## - TITLE STATEMENT
Title King of heart /
Statement of responsibility, etc by Englebert Humperdink
Medium [sound recording] :
260 ## - PUBLICATION, DISTRIBUTION, ETC. (IMPRINT)
Place of publication, distribution, etc Dum Dum India
Name of publisher, distributor, etc DECCA
Date of publication, distribution, etc 1973
300 ## - PHYSICAL DESCRIPTION
Extent 1 sound recording [Gramophone record] :
Other physical details analog, 33/1/3
Dimensions 12 in.
Type of unit Gramophone Record
500 ## - GENERAL NOTE
General note Brief Record
500 ## - GENERAL NOTE
General note DEECA
500 ## - GENERAL NOTE
General note Blue
505 ## - FORMATTED CONTENTS NOTE
Formatted contents note I' am living you part 1 (Huddleston) I'm stone in love with you part 2 (Bell)
650 ## - SUBJECT ADDED ENTRY--TOPICAL TERM
Topical term or geographic name as entry element English Song
Form subdivision Filmi song
General subdivision Excerts
Geographic subdivision India
9 (RLIN) 19852
942 ## - ADDED ENTRY ELEMENTS (KOHA)
Source of classification or shelving scheme Dewey Decimal Classification
Item type Gramaphone Records

No items available.


© Delhi Public Library
Hit Counter
free hit counter